Classical electricity and magnetism (Record no. 14424)

000 -LEADER
fixed length control field 00648nam a22002171 4500
001 - CONTROL NUMBER
control field 14424
003 - CONTROL NUMBER IDENTIFIER
control field BD-DhUET
008 - FIXED-LENGTH DATA ELEMENTS--GENERAL INFORMATION
fixed length control field 850122s1962 maua b 000 0 eng
040 ## - CATALOGING SOURCE
Original cataloging agency DLC/ICU
Transcribing agency DLC
Modifying agency BD-DhUET
082 00 - DEWEY DECIMAL CLASSIFICATION NUMBER
Classification number 537
Item number PAN/1962
100 1# - MAIN ENTRY--PERSONAL NAME
Personal name Panofsky, Wolfgang K. H.
245 10 - TITLE STATEMENT
Title Classical electricity and magnetism
250 ## - EDITION STATEMENT
Edition statement 2nd ed.
260 ## - PUBLICATION, DISTRIBUTION, ETC. (IMPRINT)
Place of publication, distribution, etc. Massachusetts
Name of publisher, distributor, etc. Addison-Wesley Publishing
Date of publication, distribution, etc. 1962
300 ## - PHYSICAL DESCRIPTION
Extent xiv, 494 p.
Other physical details illus
Dimensions 24 cm.
490 ## - SERIES STATEMENT
Series statement This book is an Addison-Wesley world student series edition
504 ## - BIBLIOGRAPHY, ETC. NOTE
Bibliography, etc Includes bibliographies
650 #0 - SUBJECT ADDED ENTRY--TOPICAL TERM
Topical term or geographic name as entry element Electricity and Magnetism
700 ## - ADDED ENTRY--PERSONAL NAME
Personal name Phillips, Melba
942 ## - ADDED ENTRY ELEMENTS (KOHA)
Koha item type General Book
Holdings
Copy number Sublocation or collection (holding branch) Location (home branch) Piece designation (barcode) Price effective from Koha normalized classification for sorting Koha full call number Withdrawn status Not for loan Source of classification or shelving scheme Koha item type Damaged status Lost status Koha date last seen Date acquired Shelving location
1Central Library, BUETCentral Library, BUET200432015-03-08537_000000000000000_PAN_1962537/PAN/1962   General Book  2015-03-082015-03-08Circulation section
2Central Library, BUETCentral Library, BUET248662015-03-18537_000000000000000_PAN_1962537/PAN/1962   General Book  2015-03-182015-03-18Circulation section
3Central Library, BUETCentral Library, BUET368002015-03-19537_000000000000000_PAN_1962537/PAN/1962   General Book  2015-03-192015-03-19Circulation section
4Central Library, BUETCentral Library, BUET44772015-03-19537_000000000000000_PAN_1962537/PAN/1962   General Book  2015-03-192015-03-19Circulation section
5Central Library, BUETCentral Library, BUET846672015-03-19537_000000000000000_PAN_1962537/PAN/1962   General Book  2015-03-192015-03-19Circulation section